000 00677nam a22002537a 4500
003 UA-OsUOA
001 27290
007 ta
008 20040623b un ||||| |||| 00| 0 ukr d
100 _aОвсійчук В.А.
090 _a7(091)(477)
_bО-34
942 _cBK
040 _aUA-OsUOA
_bukr
_cUA-OsUOA
_dUA-OsUOA
245 _aМайстри українського бароко
_bЖовтківський художній осередок
300 _a400 с.
955 _a0
041 _aukr
080 _a7(091)(477)
020 _a5-12-000725-2
260 _aКиїв
_bНаукова Думка
_c1991
044 _aUA
650 7 _2UDC
999 _c313634
_d313634